| 000 | 00708nam a2200193Ia 4500 | ||
|---|---|---|---|
| 003 | GCL | ||
| 008 | 140319s9999 xx 000 0 ara d | ||
| 040 |
_aGCL / _cGCL |
||
| 082 | 0 | 4 |
_a372.216 _bس ر |
| 100 | 1 | _aسمير سالم الميلادى | |
| 245 | 1 | 0 |
_aرياض الاطفال فى الوطن العربى بين الواقع والمستقبل: القاهرة(3 - 6 يوليو 1989) / _cسمير سالم الميلادى |
| 700 | 1 | _aحنان مدحت سراج الدين | |
| 300 | _a326 ص | ||
| 490 |
_aالهيئة العامة للاستعلامات _v0 |
||
| 650 | 0 | 4 | _aالتعليم |
| 650 | 0 | 4 | _aرياض الاطفال |
| 650 | 0 | 4 | _aالطفولة والتنمية |
| 942 |
_2ddc _cBK |
||
| 999 |
_c51062 _d51062 |
||